| 000 | 00869cam a22002657i 4500 | ||
|---|---|---|---|
| 008 | |||
| 020 | _a9781849734516 (hbk) | ||
| 049 | _aMAIN | ||
| 090 |
_aQD505 _bCOM. |
||
| 245 | 0 | 0 |
_aComputational catalysis / _cedited by Aravind Asthagiri [and] Michael J. Janik. |
| 260 | 1 |
_aCambridge, UK : _bRSC Publishing, _c[2014] |
|
| 300 |
_ax, 266 pages : _billustrations (some col.) ; _c24 cm. |
||
| 440 | 1 |
_aRSC catalysis series, _x1757-6725 ; _vno. 14 |
|
| 500 | _aIncludes index. | ||
| 504 | _aIncludes bibliographical references. | ||
| 500 |
_aFormerly CIP. _5Uk |
||
| 650 | 0 |
_aCatalysis _xComputer simulation. |
|
| 700 | 1 | _aAsthagiri, Aravind.(ed.) | |
| 700 | 1 | _aJanik, Michael J.(ed.) | |
| 907 |
_a.b10350974 _b27-11-14 _c25-11-14 |
||
| 003 | |||
| 005 | 20230123122120.0 | ||
| 040 | _cNUST | ||
| 942 |
_cBOOKS _kQD505 _mCOM. |
||
| 999 |
_c128070 _d128070 |
||